| 000 | 00423nam a2200169Ia 4500 | ||
|---|---|---|---|
| 005 | 20240823010848.0 | ||
| 008 | 240823s9999||||xx |||||||||||||| ||und|| | ||
| 082 | _A657.45 N9 | ||
| 100 | _aBatra G S (ed) | ||
| 245 | 0 | _aAuditng and contemporary accounting | |
| 250 | _a1st | ||
| 260 |
_c1999 _b"Deep and Deep,New Delhi" |
||
| 500 | _aYES | ||
| 650 |
_aManagement _bManagement Studies |
||
| 942 | _cBK | ||
| 999 |
_c159864 _d159864 |
||